<?xml version="1.0" encoding="UTF-8"?>
<record
    xmlns:xsi="http://www.w3.org/2001/XMLSchema-instance"
    xsi:schemaLocation="http://www.loc.gov/MARC21/slim http://www.loc.gov/standards/marcxml/schema/MARC21slim.xsd"
    xmlns="http://www.loc.gov/MARC21/slim">

  <leader>00442nam a22001217a 4500</leader>
  <controlfield tag="003">SGT</controlfield>
  <datafield tag="082" ind1=" " ind2=" ">
    <subfield code="a">3012</subfield>
    <subfield code="b">S42R</subfield>
  </datafield>
  <datafield tag="100" ind1=" " ind2=" ">
    <subfield code="a">&#x930;&#x93E;&#x92F;, &#x938;&#x942;&#x930;&#x94D;&#x92F;&#x92D;&#x93E;&#x928; </subfield>
  </datafield>
  <datafield tag="245" ind1=" " ind2=" ">
    <subfield code="a">&#x938;&#x94D;&#x935;&#x93E;&#x927;&#x940;&#x928;&#x924;&#x93E; &#x906;&#x902;&#x926;&#x94B;&#x932;&#x928; &#x92E;&#x947;&#x902; &#x915;&#x93F;&#x938;&#x93E;&#x928;&#x94B; &#x915;&#x940; &#x92D;&#x942;&#x92E;&#x93F;&#x915;&#x93E; &#x914;&#x930; &#x909;&#x928;&#x915;&#x93E; &#x92D;&#x935;&#x93F;&#x937;&#x94D;&#x92F;</subfield>
  </datafield>
  <datafield tag="260" ind1=" " ind2=" ">
    <subfield code="b">&#x938;&#x94D;&#x935;&#x93E;&#x92E;&#x940; &#x938;&#x939;&#x91C;&#x93E;&#x928;&#x902;&#x926; &#x935;&#x93F;&#x91A;&#x93E;&#x930; &#x92E;&#x902;&#x91A; </subfield>
    <subfield code="c">1942</subfield>
  </datafield>
  <datafield tag="300" ind1=" " ind2=" ">
    <subfield code="a">216</subfield>
  </datafield>
  <datafield tag="942" ind1=" " ind2=" ">
    <subfield code="2">ddc</subfield>
    <subfield code="c">BK</subfield>
  </datafield>
  <datafield tag="952" ind1=" " ind2=" ">
    <subfield code="0">0</subfield>
    <subfield code="1">0</subfield>
    <subfield code="2">ddc</subfield>
    <subfield code="4">0</subfield>
    <subfield code="7">1</subfield>
    <subfield code="a">CL</subfield>
    <subfield code="b">CL</subfield>
    <subfield code="c">REF</subfield>
    <subfield code="d">2025-02-01</subfield>
    <subfield code="g">150.00</subfield>
    <subfield code="i">SGTU</subfield>
    <subfield code="l">0</subfield>
    <subfield code="o">3012 S42R</subfield>
    <subfield code="p">CH2139</subfield>
    <subfield code="r">2025-02-01 00:00:00</subfield>
    <subfield code="w">2025-02-01</subfield>
    <subfield code="y">BK</subfield>
  </datafield>
  <datafield tag="999" ind1=" " ind2=" ">
    <subfield code="c">29562</subfield>
    <subfield code="d">29562</subfield>
  </datafield>
</record>
